000 00945nam a2200265Ia 4500
003 OSt
005 20220923211246.0
006 a|||||r|||| 00| 0
007 ta
008 220922b |||||||| |||| 00| 0 san d
020 _a9788178541914 (hbk)
_c250
024 _a263,034
037 _b243, 01/10/2011, Eastern Book Linkers
_cTextual
040 _aARTS
_cARTS
_bsan
041 _2san
_asan
082 _aR631x2,1:g, 152Q1
100 _aठाकुर, छाया
245 0 _aसांख्यकारिका
_b एक समीक्षा
246 _aSāankhyakārikā: ek samīkṣhā
260 _aदिल्ली
_b ईस्टर्न बुक लिंकर्स
_c2011
300 _a85पृ0
_ccm.
650 _aभारतीय दर्शन
942 _hR631x2,1:g, 152Q1
_cTEXL
_2CC
999 _c297804
_d297804